Folktales from the city of the golden domes. (Record no. 49833)

MARC details
000 -LEADER
fixed length control field 00625cam a22002291 4500
001 - CONTROL NUMBER
control field ne 67001782
003 - CONTROL NUMBER IDENTIFIER
control field DLC
005 - DATE AND TIME OF LATEST TRANSACTION
control field 20260227111835.0
008 - FIXED-LENGTH DATA ELEMENTS--GENERAL INFORMATION
fixed length control field 810326s1965 le a 000 0 eng
010 ## - LIBRARY OF CONGRESS CONTROL NUMBER
LC control number ne 67001782
025 ## - OVERSEAS ACQUISITION NUMBER
Overseas acquisition number PL480:UAR-6697
035 ## - SYSTEM CONTROL NUMBER
System control number (OCoLC)7264300
040 ## - CATALOGING SOURCE
Original cataloging agency DLC
Transcribing agency MChB
Modifying agency DLC
042 ## - AUTHENTICATION CODE
Authentication code premarc
050 00 - LIBRARY OF CONGRESS CALL NUMBER
Classification number GR295.I7
Item number J3
100 1# - MAIN ENTRY--PERSONAL NAME
Personal name Jamali, Sarah Powell.
245 10 - TITLE STATEMENT
Title Folktales from the city of the golden domes.
Statement of responsibility, etc. Illustrated by Jeanne Shelsher.
250 ## - EDITION STATEMENT
Edition statement [1st. ed.]
260 ## - PUBLICATION, DISTRIBUTION, ETC.
Place of publication, distribution, etc. Beirut,
Name of publisher, distributor, etc. Khayats,
Date of publication, distribution, etc. 1965.
300 ## - PHYSICAL DESCRIPTION
Extent xi, 110 p.
Other physical details illus.
Dimensions 22 cm.
650 #0 - SUBJECT ADDED ENTRY--TOPICAL TERM
Topical term or geographic name entry element Tales
Geographic subdivision Iraq.

No items available.

Powered by Koha